Electrónica industrial: componentes y circuitos básicos

Saved in:
Bibliografiske detaljer
Hovedforfatter: Ruiz Vassallo, Francisco (Author)
Format: Bog
Sprog:spansk
Udgivet: Barcelona Ceac 1999
Serier:Enciclopedia CEAC de Electricidad
Fag:
Tags: Tilføj Tag
Ingen Tags, Vær først til at tagge denne postø!

MARC

LEADER 00000nam a2200000 a 4500
001 UCG4205
003 CL-VaPUC
008 101018e19990000SP |||||||||||||||||spa|d
020 |a 8432960144 
082 0 4 |a 621.381  |b RUI  |2 21 
100 0 |a Ruiz Vassallo, Francisco  |e author  |9 553534 
245 1 0 |a Electrónica industrial: componentes y circuitos básicos 
300 |a 924 p 
942 |c BK 
945 |d 20101018 00:00:00  |a mfarfan 
260 |a Barcelona  |b Ceac  |c 1999 
650 0 |a Electrónica   |9 263192 
650 7 |a INDUSTRIA ELECTRONICA  |2 CL-VaPUC  |9 339666 
650 0 |a Circuitos  |9 263339 
650 0 |a Circuitos electrónicos  |9 260204 
650 0 |a Transformadores  |9 345471 
583 |a last modification  |c 20101018 00:00:00  |k Rodrigo Vera 
490 0 |a Enciclopedia CEAC de Electricidad 
999 |c 343040  |d 343038 
952 |0 0  |1 0  |4 0  |6 621_381000000000000_RUI_1999  |7 0  |8 A  |9 439960  |a BIBMEC  |b BIBMEC  |d 2019-11-22  |i 4727452  |o 621.381 RUI 1999  |p 4727452  |r 2024-01-19  |w 2019-11-22  |y BK  |k MEC